La anciana que vivía en un tiovivo /
Cuando Joe descubre un tiovivo mientras explora sus alrededores, no puede dar crédito a sus ojos. Allí encuentra a una anciana, la abuela Peg. Con ella, Joe vivirá experiencias mágicas.
Guardado en:
| Autor Principal: | |
|---|---|
| Otros Autores: | , |
| Formato: | Libro |
| Idioma: | Undetermined |
| Publicado: |
Barcelona :
Edebé,
1991.
|
| Edición: | 3a ed. |
| Series: | Tucán ;
7 |
| Materias: | |
| Etiquetas: |
Agregar Etiqueta
Sin Etiquetas, Sea el primero en etiquetar este registro!
|
| LEADER | 00952nam a22002415a 4500 | ||
|---|---|---|---|
| 001 | CEM.cems021101 | ||
| 008 | 240426s1991####sp############000#0#und#d | ||
| 005 | 20240426135517.0 | ||
| 245 | 1 | 0 | |a La anciana que vivía en un tiovivo / |c Ruth Silvestre ; ilustrado por Petra Steinmeyer ; traducido por Vimala Devi. |
| 250 | |a 3a ed. | ||
| 260 | |a Barcelona : |b Edebé, |c 1991. | ||
| 300 | |a 112 p. | ||
| 490 | 1 | |a Tucán ; |v 7 | |
| 500 | |a A partir de seis años. | ||
| 520 | |a Cuando Joe descubre un tiovivo mientras explora sus alrededores, no puede dar crédito a sus ojos. Allí encuentra a una anciana, la abuela Peg. Con ella, Joe vivirá experiencias mágicas. | ||
| 020 | |a 8423639940 | ||
| 100 | 1 | |a Silvestre, Ruth. | |
| 700 | 1 | |a Steinmeyer, Petra; il. | |
| 700 | 1 | |a Devi, Vimala; trad. | |
| 653 | |a Literatura inglesa | ||
| 653 | |a Literatura infantil | ||
| 653 | |a Novela infantil | ||
| 859 | |a CEMS |b BIB. CEMS - Inicial y Primaria |h 823.7 |i Si398 |k IP |p 6365 |t Ej.1 | ||
